Oeuvres / (Record no. 47760)
[ view plain ]
| 000 -LEADER | |
|---|---|
| campo de control de longitud fija | 01104nam a2200193 i 4500 |
| 001 - NÚMERO DE CONTROL | |
| campo de control | 47760 |
| 003 - IDENTIFICADOR DE NÚMERO DE CONTROL | |
| campo de control | ES-MaACL |
| 005 - FECHA Y HORA DE LA ÚLTIMA TRANSACCIÓN | |
| campo de control | 20251015063057.0 |
| 007 - CAMPO FIJO DE DESCRIPCIÓN FÍSICA--INFORMACIÓN GENERAL | |
| campo de control de longitud fija | t| |
| 008 - DATOS DE LONGITUD FIJA--INFORMACIÓN GENERAL | |
| campo de control de longitud fija | 030522s1879 fr ||||1| fre d |
| 100 1# - ENTRADA PRINCIPAL--NOMBRE DE PERSONA | |
| Nombre de persona | Bossuet, Jacques Bénigne, |
| Fechas asociadas al nombre | 1627-1704 |
| 9 (RLIN) | 30723 |
| 245 10 - MENCIÓN DEL TÍTULO | |
| Título | Oeuvres / |
| Mención de responsabilidad, etc. | de Bossuet. |
| 260 ## - PUBLICACIÓN, DISTRIBUCIÓN, ETC. | |
| Lugar de publicación, distribución, etc. | Paris : |
| Nombre del editor, distribuidor, etc. | Firmin Didot, |
| Fecha de publicación, distribución, etc. | 1879. |
| 300 ## - DESCRIPCIÓN FÍSICA | |
| Extensión | 4 v. ; |
| Dimensiones | 27 cm. |
| 505 8# - NOTA DE CONTENIDO CON FORMATO | |
| Nota de contenido con formato | Contiene: 1. Egloge de Bossuet: discours / par M. Saint Marc Girardin. De l'instruction de Mgr le Dauphin. Connaissance de Dieu et de soi-même. Traité du libre arbitre. Discours sur l'histoire universelle. Politique tirée des propes paroles de l'ecriture sainte. Défense de la tradition et des saints Pères -- 2. Oraisons funèbres. Sermons -- 3. Sermons. Panegyriques. Meditations sur l'evangelie -- 4. Histoire des variations des Eglises protestantes. Instruction pastorale sur les promesses de l'Eglise. Elévation áa Dieu sur les mystères. Pensées morales et chrétiennes |
| 700 0# - ENTRADA AGREGADA--NOMBRE PERSONAL | |
| Nombre de persona | Saint-Marc Girardin, |
| Fechas asociadas al nombre | 1801-1873 |
| 9 (RLIN) | 101538 |
| 852 ## - LOCALIZACIÓN | |
| Ubicación | ES-MaACL |
| Número de control de estantería | F-4009-12 |
| Estatus retirado | Estado de pérdida | Estado de daño | No para préstamo | Colección | Biblioteca de origen | Biblioteca actual | Ubicación en estantería | Fecha de adquisición | Fuente de adquisición | Total de préstamos | Signatura topográfica completa | Código de barras | Visto por última vez | Precio de reemplazo | Tipo de ítem Koha |
|---|---|---|---|---|---|---|---|---|---|---|---|---|---|---|---|
| Libros del s. XIX | Biblioteca del Ateneo de Madrid | Biblioteca del Ateneo de Madrid | Depósito 2 | 17/01/2008 | F-4009-12 | 1050255 | 23/02/2023 | 23/02/2023 | Libro impreso antiguo |
